[Event "MPJ_D18"]
[Site "?"]
[Date "2016.03.14"]
[Round "2.10"]
[White "Ostrowska, Joanna"]
[Black "Burdzy, Joanna"]
[Result "1-0"]
[BlackElo "1730"]
[WhiteElo "1682"]
[LiveChessVersion "1.4.8"]

1. d4 {[%clk 1:30:55]} d5 {[%clk 1:30:50]} 2. c4 {[%clk 1:31:16]} e6
{[%clk 1:30:42]} 3. Bf4 {[%clk 1:30:33]} Nf6 {[%clk 1:30:10]} 4. Nc3
{[%clk 1:24:28]} Be7 {[%clk 1:30:09]} 5. e3 {[%clk 1:24:00]} O-O {[%clk 1:30:12]}
6. c5 {[%clk 1:22:31]} Nc6 {[%clk 1:24:26]} 7. a3 {[%clk 1:15:36]} a5
{[%clk 1:11:42]} 8. Nb5 {[%clk 1:15:18]} e5 {[%clk 0:59:07]} 9. dxe5
{[%clk 1:09:50]} Ne4 {[%clk 0:53:27]} 10. Bd3 {[%clk 1:01:45]} Nxc5
{[%clk 0:50:57]} 11. Nf3 {[%clk 0:59:08]} Bg4 {[%clk 0:46:53]} 12. Qc2
{[%clk 0:55:42]} Nxd3+ {[%clk 0:39:39]} 13. Qxd3 {[%clk 0:56:04]} Bxf3
{[%clk 0:37:55]} 14. gxf3 {[%clk 0:56:28]} Bg5 {[%clk 0:34:50]} 15. Bxg5
{[%clk 0:52:07]} Qxg5 {[%clk 0:35:13]} 16. f4 {[%clk 0:52:00]} Qg2
{[%clk 0:33:50]} 17. O-O-O {[%clk 0:51:02]} a4 {[%clk 0:30:02]} 18. Rhg1
{[%clk 0:42:01]} Qxf2 {[%clk 0:28:34]} 19. Rdf1 {[%clk 0:39:16]} Qh4
{[%clk 0:28:33]} 20. Nd4 {[%clk 0:32:41]} Nxd4 {[%clk 0:27:58]} 21. exd4
{[%clk 0:33:04]} Ra6 {[%clk 0:27:26]} 22. Rg3 {[%clk 0:30:58]} f5
{[%clk 0:19:19]} 23. Qb5 {[%clk 0:19:02]} Qd8 {[%clk 0:15:13]} 24. Qe2
{[%clk 0:12:34]} Re8 {[%clk 0:13:36]} 25. Rfg1 {[%clk 0:11:48]} g6
{[%clk 0:11:54]} 26. Qh5 {[%clk 0:10:46]} Qd7 {[%clk 0:11:38]} 27. h4
{[%clk 0:09:07]} Kf8 {[%clk 0:09:11]} 28. Qf3 {[%clk 0:05:57]} Rc6+
{[%clk 0:09:25]} 29. Kb1 {[%clk 0:06:15]} Rb6 {[%clk 0:09:45]} 30. h5
{[%clk 0:06:01]} Ree6 {[%clk 0:07:57]} 31. Qh1 {[%clk 0:05:30]} Qb5
{[%clk 0:06:29]} 32. Qh2 {[%clk 0:05:38]} Kg7 {[%clk 0:06:29]} 33. Qc2
{[%clk 0:05:01]} Rec6 {[%clk 0:06:23]} 34. Qh2 {[%clk 0:04:47]} Qc4
{[%clk 0:04:39]} 35. Rh1 {[%clk 0:03:53]} Qxd4 {[%clk 0:03:01]} 36. Rg2
{[%clk 0:02:22]} h6 {[%clk 0:01:58]} 37. hxg6 {[%clk 0:02:36]} Rxg6
{[%clk 0:02:23]} 38. Qxh6+ {[%clk 0:02:50]} Kf7 {[%clk 0:02:44]} 39. Qh7+
{[%clk 0:02:48]} Ke8 {[%clk 0:03:04]} 40. Qh8+ {[%clk 0:33:02]} Kd7
{[%clk 0:33:23]} 41. e6+ {[%clk 0:32:15]} Rgxe6 {[%clk 0:33:43]} 42. Qxd4
{[%clk 0:32:36]} 1-0

[Event "MPJ_D18"]
[Site "?"]
[Date "2016.03.14"]
[Round "2.11"]
[White "Glapa, Anna"]
[Black "Knapik, Julia"]
[Result "1/2-1/2"]
[BlackElo "1527"]
[WhiteElo "1716"]
[LiveChessVersion "1.4.8"]

1. e4 {[%clk 1:30:58]} g6 {[%clk 1:30:55]} 2. d4 {[%clk 1:31:23]} Bg7
{[%clk 1:31:18]} 3. Nc3 {[%clk 1:31:47]} c6 {[%clk 1:31:40]} 4. Be3
{[%clk 1:32:10]} d5 {[%clk 1:32:02]} 5. f3 {[%clk 1:32:10]} Qb6 {[%clk 1:27:41]}
6. Nge2 {[%clk 1:22:52]} dxe4 {[%clk 1:25:43]} 7. fxe4 {[%clk 1:15:10]} Qxb2
{[%clk 1:23:58]} 8. Rb1 {[%clk 1:14:28]} Qa3 {[%clk 1:24:01]} 9. Qd2
{[%clk 1:13:18]} Qd6 {[%clk 1:21:13]} 10. Ng3 {[%clk 0:56:56]} e5
{[%clk 1:14:54]} 11. d5 {[%clk 0:54:15]} Ne7 {[%clk 1:12:38]} 12. Bc4
{[%clk 0:50:30]} O-O {[%clk 1:04:43]} 13. O-O {[%clk 0:48:46]} b5
{[%clk 0:59:40]} 14. Bxb5 {[%clk 0:42:20]} cxb5 {[%clk 0:53:45]} 15. Nxb5
{[%clk 0:42:43]} Qd7 {[%clk 0:53:42]} 16. d6 {[%clk 0:41:37]} Na6
{[%clk 0:37:49]} 17. dxe7 {[%clk 0:39:01]} Qxe7 {[%clk 0:38:01]} 18. Qa5
{[%clk 0:36:32]} Rd8 {[%clk 0:34:11]} 19. Rbd1 {[%clk 0:28:34]} Rxd1
{[%clk 0:30:41]} 20. Rxd1 {[%clk 0:28:58]} Bg4 {[%clk 0:30:57]} 21. Rf1
{[%clk 0:25:39]} Nb4 {[%clk 0:28:50]} 22. c3 {[%clk 0:17:26]} Nc6
{[%clk 0:27:16]} 23. Qa4 {[%clk 0:16:55]} a6 {[%clk 0:24:41]} 24. Na3
{[%clk 0:14:08]} Bd7 {[%clk 0:23:06]} 25. Nc4 {[%clk 0:14:21]} Nd8
{[%clk 0:20:41]} 26. Qc2 {[%clk 0:11:20]} Bb5 {[%clk 0:18:26]} 27. Nb6
{[%clk 0:10:06]} Bxf1 {[%clk 0:18:33]} 28. Nxa8 {[%clk 0:10:14]} Bb5
{[%clk 0:18:43]} 29. Nb6 {[%clk 0:10:01]} Ne6 {[%clk 0:18:29]} 30. Nd5
{[%clk 0:08:55]} Qa3 {[%clk 0:16:50]} 31. Nb4 {[%clk 0:05:39]} Bc4
{[%clk 0:15:07]} 32. Bc1 {[%clk 0:05:01]} Qa5 {[%clk 0:15:30]} 33. Be3
{[%clk 0:05:25]} Bf8 {[%clk 0:15:07]} 34. Bd2 {[%clk 0:02:24]} Bxb4
{[%clk 0:15:03]} 35. cxb4 {[%clk 0:02:53]} Qxa2 {[%clk 0:15:25]} 36. Qxa2
{[%clk 0:03:16]} Bxa2 {[%clk 0:15:51]} 37. Bc3 {[%clk 0:03:14]} f6
{[%clk 0:16:00]} 38. Nf1 {[%clk 0:03:27]} Bc4 {[%clk 0:13:47]} 39. Nd2
{[%clk 0:03:32]} Bd3 {[%clk 0:13:41]} 40. Kf2 {[%clk 0:33:52]} Bb5
{[%clk 0:42:37]} 41. Nb3 {[%clk 0:31:30]} Kf7 {[%clk 0:41:40]} 42. Ke3
{[%clk 0:30:15]} Bf1 {[%clk 0:39:26]} 43. Kf2 {[%clk 0:29:50]} Bb5
{[%clk 0:39:01]} 44. Kf3 {[%clk 0:29:37]} Ng5+ {[%clk 0:38:17]} 45. Ke3
{[%clk 0:29:40]} Ne6 {[%clk 0:38:35]} 46. Kf3 {[%clk 0:30:04]} Bc6
{[%clk 0:37:09]} 47. Ke3 {[%clk 0:29:50]} Bb5 {[%clk 0:36:07]} 48. Kf3
{[%clk 0:30:08]} Ke7 {[%clk 0:35:22]} 49. Ke3 {[%clk 0:29:51]} Kd6
{[%clk 0:31:52]} 50. Na5 {[%clk 0:28:42]} Kc7 {[%clk 0:30:08]} 51. Nb3
{[%clk 0:28:19]} Ba4 {[%clk 0:29:34]} 52. Nd2 {[%clk 0:25:45]} Ng5
{[%clk 0:28:32]} 53. Nf3 {[%clk 0:23:31]} Nxf3 {[%clk 0:27:39]} 1/2-1/2

[Event "MPJ_D18"]
[Site "?"]
[Date "2016.03.14"]
[Round "2.12"]
[White "Pluta, Natalia"]
[Black "Bebel, Agnieszka"]
[Result "1-0"]
[BlackElo "1706"]
[WhiteElo "1542"]
[LiveChessVersion "1.4.8"]

1. c4 e6 {[%clk 1:30:51]} 2. g3 {[%clk 1:31:23]} d5 {[%clk 1:31:02]} 3. Bg2
{[%clk 1:31:49]} Nf6 {[%clk 1:30:39]} 4. Nf3 {[%clk 1:31:55]} c5 {[%clk 1:29:27]}
5. O-O {[%clk 1:30:37]} Nc6 {[%clk 1:28:51]} 6. b3 {[%clk 1:27:40]} Be7
{[%clk 1:26:59]} 7. Bb2 {[%clk 1:24:28]} O-O {[%clk 1:26:35]} 8. cxd5
{[%clk 1:18:29]} exd5 {[%clk 1:26:23]} 9. d4 {[%clk 1:18:29]} b6 {[%clk 1:23:49]}
10. Nbd2 {[%clk 1:04:53]} Bf5 {[%clk 1:15:42]} 11. Rc1 {[%clk 1:00:52]} Bd6
{[%clk 1:10:18]} 12. Ne5 {[%clk 0:55:17]} Ne7 {[%clk 0:58:59]} 13. f3
{[%clk 0:48:08]} cxd4 {[%clk 0:47:47]} 14. Bxd4 {[%clk 0:48:22]} Rc8
{[%clk 0:40:32]} 15. e4 {[%clk 0:35:55]} dxe4 {[%clk 0:40:21]} 16. fxe4
{[%clk 0:35:36]} Be6 {[%clk 0:39:20]} 17. Kh1 {[%clk 0:31:11]} Bxe5
{[%clk 0:33:20]} 18. Bxe5 {[%clk 0:31:30]} Ng4 {[%clk 0:33:24]} 19. Bf4
{[%clk 0:29:28]} Ng6 {[%clk 0:32:28]} 20. Qe2 {[%clk 0:25:04]} Nxf4
{[%clk 0:26:05]} 21. gxf4 {[%clk 0:25:24]} Rxc1 {[%clk 0:25:27]} 22. Rxc1
{[%clk 0:25:47]} f5 {[%clk 0:24:20]} 23. e5 {[%clk 0:21:16]} Qd4 {[%clk 0:22:18]}
24. Rf1 {[%clk 0:14:39]} Rd8 {[%clk 0:20:53]} 25. h3 {[%clk 0:05:36]} Ne3
{[%clk 0:16:31]} 26. Rf2 {[%clk 0:06:06]} Qa1+ {[%clk 0:16:31]} 27. Nf1
{[%clk 0:06:06]} Nxg2 28. Kxg2 {[%clk 0:06:25]} Qd4 {[%clk 0:12:38]} 29. Ne3
{[%clk 0:05:14]} Qe4+ {[%clk 0:11:43]} 30. Qf3 {[%clk 0:05:05]} Qxf3+
{[%clk 0:10:14]} 31. Kxf3 {[%clk 0:05:28]} g6 {[%clk 0:06:49]} 32. Rc2
{[%clk 0:05:39]} Rd7 {[%clk 0:06:10]} 33. Ke2 {[%clk 0:03:56]} h6
{[%clk 0:05:29]} 34. Rd2 {[%clk 0:03:59]} Rxd2+ {[%clk 0:05:05]} 35. Kxd2
{[%clk 0:04:25]} g5 {[%clk 0:05:16]} 36. Ke2 {[%clk 0:04:41]} Kf7
{[%clk 0:04:23]} 37. Nc2 {[%clk 0:03:25]} Bd5 {[%clk 0:03:36]} 38. Ke3
{[%clk 0:03:13]} Be4 {[%clk 0:02:44]} 39. Nd4 {[%clk 0:03:12]} Ke7
{[%clk 0:02:30]} 40. Nf3 {[%clk 0:02:48]} gxf4+ {[%clk 0:01:49]} 41. Kxf4
{[%clk 0:03:09]} Bb1 {[%clk 0:26:44]} 42. a3 {[%clk 0:30:50]} Kf7
{[%clk 0:20:44]} 43. Nd4 {[%clk 0:25:46]} Kg6 {[%clk 0:20:21]} 44. Nc6
{[%clk 0:25:28]} Kf7 {[%clk 0:18:35]} 45. Nxa7 {[%clk 0:25:07]} Be4
{[%clk 0:18:18]} 46. Nc8 {[%clk 0:25:13]} Bd5 {[%clk 0:17:30]} 47. b4
{[%clk 0:25:10]} Bg2 {[%clk 0:16:29]} 48. h4 {[%clk 0:25:03]} b5 {[%clk 0:16:25]}
49. Nd6+ 1-0

[Event "MPJ_D18"]
[Site "?"]
[Date "2016.03.14"]
[Round "2.13"]
[White "Kozubal, Aleksandra"]
[Black "Godek, Martyna"]
[Result "1-0"]
[BlackElo "1483"]
[WhiteElo "1688"]
[LiveChessVersion "1.4.8"]

1. d4 {[%clk 1:30:58]} Nf6 {[%clk 1:30:50]} 2. c4 {[%clk 1:31:20]} e6
{[%clk 1:31:07]} 3. Bg5 {[%clk 1:30:41]} Bb4+ {[%clk 1:27:34]} 4. Nd2
{[%clk 1:17:37]} O-O {[%clk 1:26:34]} 5. Ngf3 {[%clk 1:17:38]} d6
{[%clk 1:26:21]} 6. a3 {[%clk 1:16:51]} Bxd2+ {[%clk 1:25:35]} 7. Qxd2
{[%clk 1:17:08]} Qe7 {[%clk 1:20:24]} 8. Qf4 {[%clk 1:08:42]} Nbd7
{[%clk 1:15:06]} 9. e3 {[%clk 1:03:30]} Re8 {[%clk 1:04:46]} 10. Bd3
{[%clk 0:56:12]} e5 {[%clk 1:03:53]} 11. Qh4 {[%clk 0:45:25]} e4 {[%clk 1:01:58]}
12. Bc2 {[%clk 0:45:22]} exf3 {[%clk 0:57:22]} 13. Bxh7+ {[%clk 0:45:09]} Kf8
{[%clk 0:56:29]} 14. Bf5 {[%clk 0:44:53]} Kg8 {[%clk 0:55:45]} 15. gxf3
{[%clk 0:45:02]} c5 {[%clk 0:53:53]} 16. Rg1 {[%clk 0:43:14]} cxd4
{[%clk 0:44:16]} 17. Bxd7 {[%clk 0:42:33]} Bxd7 {[%clk 0:38:09]} 18. Bxf6
{[%clk 0:42:51]} Qf8 {[%clk 0:38:12]} 19. Qh6 {[%clk 0:41:23]} Re6
{[%clk 0:37:00]} 20. Rxg7+ {[%clk 0:41:44]} Qxg7 {[%clk 0:37:18]} 21. Qxg7#
{[%clk 0:42:09]} 1-0

[Event "MPJ_D18"]
[Site "?"]
[Date "2016.03.14"]
[Round "2.14"]
[White "Kotula, Magdalena"]
[Black "Wierzbowska, Aleksandra"]
[Result "1/2-1/2"]
[BlackElo "1685"]
[WhiteElo "1502"]
[LiveChessVersion "1.4.8"]

1. e4 {[%clk 1:30:49]} c5 {[%clk 1:30:58]} 2. Nf3 {[%clk 1:31:11]} Nc6
{[%clk 1:31:25]} 3. Bb5 {[%clk 1:31:33]} d6 {[%clk 1:31:47]} 4. Bxc6+
{[%clk 1:28:57]} bxc6 {[%clk 1:32:14]} 5. O-O {[%clk 1:28:17]} g6
{[%clk 1:30:26]} 6. Nc3 {[%clk 1:26:32]} Bg7 {[%clk 1:30:10]} 7. Re1
{[%clk 1:26:35]} Bg4 {[%clk 1:28:28]} 8. h3 {[%clk 1:23:31]} Bxf3
{[%clk 1:28:47]} 9. Qxf3 {[%clk 1:23:04]} Qc7 {[%clk 1:28:41]} 10. d3
{[%clk 1:14:03]} Rb8 {[%clk 1:28:15]} 11. Nd1 {[%clk 1:08:08]} e6
{[%clk 1:28:04]} 12. c3 {[%clk 1:06:12]} Ne7 {[%clk 1:28:26]} 13. Bf4
{[%clk 1:04:11]} O-O {[%clk 1:26:07]} 14. Rb1 {[%clk 1:03:03]} e5
{[%clk 1:24:53]} 15. Bh2 {[%clk 0:59:42]} Qa5 {[%clk 1:21:45]} 16. a3
{[%clk 0:57:41]} Rb3 {[%clk 1:18:44]} 17. Ne3 {[%clk 0:55:30]} Qb5
{[%clk 1:18:52]} 18. Nc4 {[%clk 0:52:17]} d5 {[%clk 1:09:26]} 19. exd5
{[%clk 0:41:13]} cxd5 {[%clk 1:09:48]} 20. Nxe5 {[%clk 0:35:20]} Rxb2
{[%clk 1:09:59]} 21. Rbc1 {[%clk 0:31:20]} Bh6 {[%clk 1:02:11]} 22. Bf4
{[%clk 0:26:46]} Bxf4 {[%clk 0:59:35]} 23. Qxf4 {[%clk 0:27:13]} Nf5
{[%clk 0:56:54]} 24. g4 {[%clk 0:25:45]} f6 {[%clk 0:48:11]} 25. Nxg6
{[%clk 0:24:40]} hxg6 {[%clk 0:48:36]} 26. gxf5 {[%clk 0:24:52]} Qxd3
{[%clk 0:48:52]} 27. fxg6 {[%clk 0:18:42]} Qxh3 {[%clk 0:36:45]} 28. Re3
{[%clk 0:17:49]} Qd7 {[%clk 0:33:15]} 29. Rce1 {[%clk 0:16:16]} Qg7
{[%clk 0:31:54]} 30. Qf5 {[%clk 0:15:45]} Qh6 {[%clk 0:28:05]} 31. Qe6+
{[%clk 0:15:16]} Kg7 {[%clk 0:28:16]} 32. Qd7+ {[%clk 0:14:53]} Kg8
{[%clk 0:28:42]} 33. g7 {[%clk 0:11:22]} Rf7 {[%clk 0:21:35]} 34. Qe8+
{[%clk 0:11:25]} Kxg7 {[%clk 0:21:59]} 35. Rg3+ {[%clk 0:11:42]} Qg6
{[%clk 0:22:24]} 36. Rxg6+ {[%clk 0:11:56]} Kxg6 {[%clk 0:22:48]} 37. Re7
{[%clk 0:11:52]} 1/2-1/2

[Event "MPJ_D18"]
[Site "?"]
[Date "2016.03.14"]
[Round "2.15"]
[White "Wilk, Oktawia"]
[Black "Walkowiak, Bogumila"]
[Result "1-0"]
[BlackElo "1265"]
[WhiteElo "1683"]
[LiveChessVersion "1.4.8"]

1. e4 {[%clk 1:30:58]} e5 {[%clk 1:30:53]} 2. Nf3 {[%clk 1:31:14]} Nc6
{[%clk 1:31:16]} 3. Bb5 {[%clk 1:31:39]} a6 {[%clk 1:31:23]} 4. Ba4
{[%clk 1:32:04]} Nf6 {[%clk 1:31:08]} 5. O-O {[%clk 1:32:09]} b5 {[%clk 1:30:16]}
6. Bb3 {[%clk 1:32:33]} Be7 {[%clk 1:29:42]} 7. Re1 {[%clk 1:32:27]} d6
{[%clk 1:28:14]} 8. c3 {[%clk 1:32:10]} Na5 {[%clk 1:24:34]} 9. Bc2
{[%clk 1:32:30]} c5 {[%clk 1:23:59]} 10. d4 {[%clk 1:31:57]} Qc7 {[%clk 1:21:54]}
11. dxe5 {[%clk 1:26:21]} dxe5 {[%clk 1:21:10]} 12. b3 {[%clk 1:23:25]} O-O
{[%clk 1:10:13]} 13. h3 {[%clk 1:23:33]} Bb7 {[%clk 1:06:44]} 14. Qe2
{[%clk 1:17:29]} c4 {[%clk 0:43:38]} 15. b4 {[%clk 1:16:03]} Nc6 {[%clk 0:41:16]}
16. a4 {[%clk 1:15:35]} Na7 {[%clk 0:20:46]} 17. Bg5 {[%clk 0:53:56]} Rfe8
{[%clk 0:18:02]} 18. Nbd2 {[%clk 0:53:46]} h6 {[%clk 0:17:45]} 19. Be3
{[%clk 0:53:17]} Nc6 {[%clk 0:16:56]} 20. Nf1 {[%clk 0:51:39]} Bf8
{[%clk 0:14:50]} 21. Ng3 {[%clk 0:51:33]} g6 {[%clk 0:12:49]} 22. Nh2
{[%clk 0:50:24]} Kh7 {[%clk 0:10:40]} 23. Qf3 {[%clk 0:49:47]} Bg7
{[%clk 0:08:38]} 24. a5 {[%clk 0:44:06]} Qe7 {[%clk 0:07:48]} 25. Ng4
{[%clk 0:42:19]} Nxg4 {[%clk 0:07:06]} 26. Qxg4 {[%clk 0:42:39]} Rad8
{[%clk 0:05:36]} 27. Bb6 {[%clk 0:40:22]} Rd7 {[%clk 0:02:52]} 28. Rad1
{[%clk 0:40:42]} Bc8 {[%clk 0:03:07]} 29. Qf3 {[%clk 0:40:40]} Rxd1
{[%clk 0:02:35]} 30. Rxd1 {[%clk 0:41:03]} Nb8 {[%clk 0:02:44]} 31. Bc5
{[%clk 0:41:03]} Qf6 {[%clk 0:01:56]} 32. Qe2 {[%clk 0:39:45]} Rd8
{[%clk 0:01:54]} 33. Bb6 {[%clk 0:38:48]} Rxd1+ {[%clk 0:01:55]} 34. Qxd1
{[%clk 0:39:11]} Qe6 {[%clk 0:02:03]} 35. Be3 {[%clk 0:36:45]} Qd7
{[%clk 0:01:58]} 36. Qc1 {[%clk 0:35:44]} Bb7 {[%clk 0:01:15]} 37. Bd1
{[%clk 0:35:01]} Nc6 {[%clk 0:01:02]} 38. Bg4 {[%clk 0:34:58]} Qe7
{[%clk 0:00:46]} 39. Bc5 {[%clk 0:35:09]} Qd8 {[%clk 0:00:51]} 40. Bb6
{[%clk 0:59:48]} Qe7 {[%clk 0:30:52]} 41. Qd2 {[%clk 0:59:59]} Kg8
{[%clk 0:22:01]} 42. Nf1 {[%clk 0:57:31]} h5 {[%clk 0:21:07]} 43. Bf3
{[%clk 0:57:17]} Nb8 {[%clk 0:18:42]} 44. Bc5 {[%clk 0:49:45]} Qd7
{[%clk 0:17:55]} 45. Bd6 {[%clk 0:49:28]} Nc6 {[%clk 0:17:25]} 46. Bc5
{[%clk 0:46:25]} Qxd2 {[%clk 0:17:01]} 47. Nxd2 {[%clk 0:46:49]} Bf8
{[%clk 0:17:13]} 48. Be3 {[%clk 0:46:48]} f6 {[%clk 0:16:22]} 49. h4
{[%clk 0:46:21]} Bc8 {[%clk 0:15:53]} 50. Nf1 {[%clk 0:46:27]} Kf7
{[%clk 0:15:53]} 51. Bd2 {[%clk 0:46:48]} Ne7 {[%clk 0:14:59]} 52. Ne3
{[%clk 0:46:29]} Bh6 {[%clk 0:12:57]} 53. Nxc4 {[%clk 0:45:29]} Bxd2
{[%clk 0:12:40]} 54. Nxd2 {[%clk 0:45:53]} Be6 {[%clk 0:12:32]} 55. Be2
{[%clk 0:46:03]} Nc6 {[%clk 0:11:35]} 56. g3 {[%clk 0:45:18]} Ke7
{[%clk 0:10:21]} 57. f3 {[%clk 0:44:30]} Kd6 {[%clk 0:09:56]} 58. Kf2
{[%clk 0:44:50]} Bf7 {[%clk 0:09:08]} 59. Ke3 {[%clk 0:44:30]} Be6
{[%clk 0:08:57]} 60. f4 {[%clk 0:44:36]} Bd7 {[%clk 0:06:52]} 61. Nb3
{[%clk 0:40:20]} Bc8 {[%clk 0:05:34]} 62. Nc5 {[%clk 0:40:25]} Nb8
{[%clk 0:03:23]} 63. fxe5+ {[%clk 0:35:20]} fxe5 {[%clk 0:02:35]} 64. Bd1
{[%clk 0:35:30]} Nd7 {[%clk 0:02:37]} 65. Nxd7 {[%clk 0:35:31]} Kxd7
{[%clk 0:02:05]} 66. Bb3 {[%clk 0:35:53]} Ke7 {[%clk 0:02:27]} 67. Kd3
{[%clk 0:36:09]} Kf6 {[%clk 0:02:33]} 68. c4 {[%clk 0:35:59]} bxc4+
{[%clk 0:02:08]} 69. Bxc4 {[%clk 0:36:20]} g5 {[%clk 0:01:36]} 70. b5
{[%clk 0:36:22]} axb5 {[%clk 0:01:41]} 71. Bxb5 {[%clk 0:36:47]} gxh4
{[%clk 0:02:02]} 72. gxh4 {[%clk 0:37:05]} Ke7 {[%clk 0:01:39]} 73. Bc4
{[%clk 0:34:41]} Kd6 {[%clk 0:01:09]} 74. Bf7 {[%clk 0:34:25]} Bg4
{[%clk 0:01:00]} 75. Kc4 {[%clk 0:34:39]} Be2+ {[%clk 0:01:23]} 76. Kb4
{[%clk 0:35:02]} Kc6 {[%clk 0:01:31]} 77. Bc4 {[%clk 0:34:46]} Bg4
{[%clk 0:01:13]} 78. Bd5+ {[%clk 0:35:06]} Kc7 {[%clk 0:01:34]} 79. Kc5
{[%clk 0:35:23]} Bc8 {[%clk 0:01:31]} 80. Bc6 {[%clk 0:34:57]} Ba6
{[%clk 0:01:52]} 81. Be8 {[%clk 0:34:46]} Be2 {[%clk 0:01:13]} 82. Kd5
{[%clk 0:34:35]} Kb7 {[%clk 0:01:33]} 83. Kxe5 {[%clk 0:34:56]} Ka6
{[%clk 0:01:53]} 84. Kf6 {[%clk 0:35:20]} Kxa5 {[%clk 0:02:04]} 85. e5
{[%clk 0:35:46]} Kb6 {[%clk 0:01:36]} 86. e6 {[%clk 0:36:09]} Kc7
{[%clk 0:01:51]} 87. e7 {[%clk 0:36:33]} Kd6 {[%clk 0:02:01]} 88. Ba4
{[%clk 0:36:55]} 1-0

[Event "MPJ_D18"]
[Site "?"]
[Date "2016.03.14"]
[Round "2.16"]
[White "Stochnialek, Dominika"]
[Black "Kozaczynska, Aleksandra"]
[Result "0-1"]
[BlackElo "1683"]
[WhiteElo "1448"]
[LiveChessVersion "1.4.8"]

1. e4 {[%clk 1:30:59]} c5 {[%clk 1:30:55]} 2. Nf3 {[%clk 1:31:11]} d6
{[%clk 1:31:21]} 3. d4 {[%clk 1:31:33]} cxd4 {[%clk 1:31:47]} 4. Nxd4
{[%clk 1:31:58]} Nf6 {[%clk 1:32:12]} 5. Nc3 {[%clk 1:32:18]} g6 {[%clk 1:32:36]}
6. Be3 {[%clk 1:32:43]} Bg7 {[%clk 1:33:01]} 7. f3 {[%clk 1:33:02]} a6
{[%clk 1:33:00]} 8. Qd2 {[%clk 1:33:27]} b5 {[%clk 1:32:42]} 9. O-O-O
{[%clk 1:33:34]} Bb7 {[%clk 1:32:58]} 10. g4 {[%clk 1:29:47]} h5 {[%clk 1:31:37]}
11. Bh3 {[%clk 1:13:40]} hxg4 {[%clk 1:25:27]} 12. Bxg4 {[%clk 1:13:56]} Nbd7
{[%clk 1:25:38]} 13. Qg2 {[%clk 0:37:59]} Ne5 {[%clk 1:18:44]} 14. h3
{[%clk 0:36:38]} Qa5 {[%clk 1:15:12]} 15. Nb3 {[%clk 0:32:33]} Qc7
{[%clk 1:13:32]} 16. Bd4 {[%clk 0:28:35]} Nc4 {[%clk 1:10:58]} 17. Qe2
{[%clk 0:26:22]} e5 {[%clk 0:56:35]} 18. Bf2 {[%clk 0:24:00]} Bh6+
{[%clk 0:54:17]} 19. Kb1 {[%clk 0:23:43]} Bf4 {[%clk 0:50:03]} 20. Qd3
{[%clk 0:12:12]} b4 {[%clk 0:42:20]} 21. Ne2 {[%clk 0:10:26]} Bh6
{[%clk 0:42:25]} 22. Nbc1 {[%clk 0:02:23]} a5 {[%clk 0:39:42]} 23. b3
{[%clk 0:01:41]} Na3+ {[%clk 0:37:58]} 24. Kb2 {[%clk 0:02:05]} Ke7
{[%clk 0:22:58]} 25. c4 {[%clk 0:01:13]} a4 {[%clk 0:22:19]} 26. Be3
{[%clk 0:00:32]} Bxe3 {[%clk 0:20:29]} 27. Qxe3 {[%clk 0:01:01]} Ba6
{[%clk 0:20:50]} 28. Nd3 {[%clk 0:00:38]} Qxc4 {[%clk 0:18:07]} 29. bxc4
{[%clk 0:00:31]} Nxc4+ {[%clk 0:18:31]} 30. Kb1 {[%clk 0:00:33]} Nxe3
{[%clk 0:18:55]} 0-1

[Event "MPJ_D18"]
[Site "?"]
[Date "2016.03.15"]
[Round "3.1"]
[White "Wozniak, Mariola"]
[Black "Antolak, Julia"]
[Result "1/2-1/2"]
[BlackElo "2087"]
[WhiteElo "2154"]
[LiveChessVersion "1.4.8"]

1. e4 {[%clk 1:30:59]} c5 {[%clk 1:30:56]} 2. Nf3 {[%clk 1:31:24]} Nc6
{[%clk 1:31:22]} 3. d4 {[%clk 1:31:16]} cxd4 {[%clk 1:31:46]} 4. Nxd4
{[%clk 1:31:44]} g6 {[%clk 1:32:09]} 5. Nc3 {[%clk 1:31:45]} Bg7 {[%clk 1:32:34]}
6. Be3 {[%clk 1:32:10]} Nf6 {[%clk 1:32:58]} 7. Bc4 {[%clk 1:32:03]} O-O
{[%clk 1:33:23]} 8. Bb3 {[%clk 1:31:57]} Re8 {[%clk 1:31:34]} 9. O-O
{[%clk 1:29:41]} d6 {[%clk 1:30:11]} 10. h3 {[%clk 1:29:46]} Na5 {[%clk 1:28:20]}
11. f4 {[%clk 1:26:19]} a6 {[%clk 1:22:32]} 12. Qf3 {[%clk 1:15:48]} b5
{[%clk 1:17:23]} 13. Nd5 {[%clk 1:01:42]} Bb7 {[%clk 1:12:54]} 14. f5
{[%clk 0:57:52]} Rc8 {[%clk 0:54:03]} 15. Rad1 {[%clk 0:44:26]} Rf8
{[%clk 0:46:14]} 16. Nxf6+ {[%clk 0:34:09]} exf6 {[%clk 0:44:56]} 17. fxg6
{[%clk 0:31:19]} hxg6 {[%clk 0:45:15]} 18. Nf5 {[%clk 0:27:43]} Nxb3
{[%clk 0:40:03]} 19. cxb3 {[%clk 0:25:29]} gxf5 {[%clk 0:39:04]} 20. Qg3
{[%clk 0:22:08]} f4 {[%clk 0:38:53]} 21. Rxf4 {[%clk 0:22:29]} f5
{[%clk 0:38:39]} 22. exf5 {[%clk 0:18:46]} Rc2 {[%clk 0:34:54]} 23. Bf2
{[%clk 0:09:47]} f6 {[%clk 0:33:12]} 24. Rg4 {[%clk 0:09:43]} Qe7
{[%clk 0:31:40]} 25. Rxd6 {[%clk 0:08:12]} Re2 {[%clk 0:31:11]} 26. Qd3
{[%clk 0:05:28]} Bc8 {[%clk 0:30:01]} 27. Rg6 {[%clk 0:00:43]} Bxf5
{[%clk 0:27:26]} 28. Qxf5 {[%clk 0:00:51]} Qxd6 {[%clk 0:27:47]} 29. Rxg7+
{[%clk 0:01:12]} Kxg7 {[%clk 0:28:10]} 30. Qg4+ {[%clk 0:01:41]} Kf7
{[%clk 0:28:23]} 31. Qh5+ {[%clk 0:01:45]} Kg7 {[%clk 0:28:32]} 32. Qg4+
{[%clk 0:02:09]} Kf7 {[%clk 0:28:59]} 33. Qh5+ {[%clk 0:02:34]} Kg7
{[%clk 0:29:25]} 34. Qg4+ {[%clk 0:03:01]} Kf7 {[%clk 0:29:52]} 35. Qh5+
{[%clk 0:03:18]} Kg7 {[%clk 0:30:15]} 36. Qg4+ {[%clk 0:03:46]} Kf7
{[%clk 0:30:40]} 37. Qh5+ {[%clk 0:04:14]} Kg7 {[%clk 0:31:05]} 38. Qg4+
{[%clk 0:04:42]} Kf7 {[%clk 0:31:30]} 39. Qh5+ {[%clk 0:05:09]} Kg7
{[%clk 0:31:55]} 40. Qg4+ {[%clk 0:35:37]} Kf7 {[%clk 1:02:20]} 41. Qh5+
{[%clk 0:36:02]} 1/2-1/2